<?xml version="1.0" encoding="UTF-8"?><?xml-stylesheet type="text/xsl" href="static/style.xsl"?><OAI-PMH xmlns="http://www.openarchives.org/OAI/2.0/" xmlns:xsi="http://www.w3.org/2001/XMLSchema-instance" xsi:schemaLocation="http://www.openarchives.org/OAI/2.0/ http://www.openarchives.org/OAI/2.0/OAI-PMH.xsd"><responseDate>2026-06-01T14:49:52Z</responseDate><request verb="GetRecord" identifier="oai:riuma.uma.es:10630/45490" metadataPrefix="marc">https://riuma.uma.es/rest/oai/request</request><GetRecord><record><header><identifier>oai:riuma.uma.es:10630/45490</identifier><datestamp>2026-02-18T00:45:33Z</datestamp><setSpec>com_10630_2254</setSpec><setSpec>col_10630_37953</setSpec></header><metadata><record xmlns="http://www.loc.gov/MARC21/slim" xmlns:dcterms="http://purl.org/dc/terms/" xmlns:doc="http://www.lyncode.com/xoai" xmlns:xsi="http://www.w3.org/2001/XMLSchema-instance" xsi:schemaLocation="http://www.loc.gov/MARC21/slim http://www.loc.gov/standards/marcxml/schema/MARC21slim.xsd">
   <leader>00925njm 22002777a 4500</leader>
   <datafield ind2=" " ind1=" " tag="042">
      <subfield code="a">dc</subfield>
   </datafield>
   <datafield ind2=" " ind1=" " tag="720">
      <subfield code="a">González Nieto, Diego</subfield>
      <subfield code="e">author</subfield>
   </datafield>
   <datafield ind2=" " ind1=" " tag="260">
      <subfield code="c">2023</subfield>
   </datafield>
   <datafield ind2=" " ind1=" " tag="520">
      <subfield code="a">El objetivo del presente estudio es analizar e interpretar las labores de patrocinio religioso de los obispos como parte de las estrategias desplegadas por sus familias y linajes a fin de representar su poder y estatus social. Los obispos, como otros miembros del clero secular, mantuvieron un estrecho vínculo con sus grupos familiares que los llevó a actuar como individuos concretos pertenecientes a familias de poder y como participantes e impulsores de sus estrategias de ascenso y reproducción social. Entre los diferentes tipos de actuaciones que los prelados emprendieron en favor de sus parientes de sangre, una de las más relevantes fue el patrocinio religioso desarrollado sobre distintos conventos y monasterios situados en los espacios donde sus grupos familiares ejercían su poder e influencia. En el artículo se expondrán distintos casos en los que dicho patrocinio episcopal se encontró vinculado con la introducción, avance o mantenimiento de la reforma observante en los centros beneficiados por ellos.</subfield>
   </datafield>
   <datafield ind1="8" ind2=" " tag="024">
      <subfield code="a">González Nieto, Diego, “El patrocinio episcopal sobre conventos y monasterios como estrategia de representación del poder y del ascenso del linaje en la Castilla de mediados del Cuatrocientos”, Archivo Ibero-Americano. Revista Franciscana de Estudios Históricos, 83/286 (2023), pp. 263-293</subfield>
   </datafield>
   <datafield ind1="8" ind2=" " tag="024">
      <subfield code="a">https://hdl.handle.net/10630/45490</subfield>
   </datafield>
   <datafield ind1="8" ind2=" " tag="024">
      <subfield code="a">10.48030/aia.v83i296.275</subfield>
   </datafield>
   <datafield tag="653" ind2=" " ind1=" ">
      <subfield code="a">Patrocinio - Historia</subfield>
   </datafield>
   <datafield ind2="0" ind1="0" tag="245">
      <subfield code="a">El patrocinio episcopal sobre conventos y monasterios como estrategia de representación del poder y del ascenso del linaje en la Castilla de mediados del cuatrocientos</subfield>
   </datafield>
</record>
</metadata></record></GetRecord></OAI-PMH>